• 首页
  • 本馆介绍
  • 公告通知
  • 最新文献
  • 馆藏检索
  • 电子资源
  • 读者导购
  • 参考咨询
  • 我的图书馆
  • 登录
  • 详细信息显示
  • 放入我的书架
  • 预约/预借图书
  • 作者相关作品
  • 分类相关作品
  • 丛书相关作品
  • 出版社相关作品

书目信息

  • 表格格式
  • 工作单格式
  • 卡片格式
题名:
无源滤波器设计
    
 
作者: 达斯 著 ;于海波 译
分册:  
出版信息: 北京   机械工业出版社  2020
页数: 270页
开本: 26cm
丛书名:
单 册:
中图分类: TN713.02 , TN7
科图分类:
主题词: 无源滤波器--设计 , 电子电路
电子资源:
ISBN: 978-7-111-63719-6
000 01107nam0 2200301 450
001 2235256046
005 20221008094807.42
010    @a978-7-111-63719-6@dCNY99.00
100    @a20200422d2020 em y0chiy50 ea
101 1  @achi@ceng
102    @aCN@b110000
105    @aa z 000yy
200 1  @a无源滤波器设计@9wu yuan lv bo qi she ji@f(美)J.C. 达斯(J.C. Das)著@g于海波[等]译
210    @a北京@c机械工业出版社@d2020
215    @a270页@c图@d26cm
304    @a译者还有:刘佳、李贺龙、王春雨、林繁涛
305    @a由Wiley授权出版
312    @a版权页英文题名:Power system harmonics and passive filter designs
330    @a本书从电容器组入手,介绍电力系统及各组件建模、谐波在电力系统中渗透的影响、无源滤波器的设计和典型应用,还介绍太阳能和风力发电等新能源应用与各种谐波的关系。
510 1  @aPower system harmonics and passive filter designs@zeng
606 0  @a无源滤波器@x设计
606 0  @a电子电路
690    @aTN713.02@v5
690    @aTN7@v4
701  0 @c(美)@a达斯@9da si@c(Das, J. C.)@4著
702  0 @a于海波@9yu hai bo@4译
801  0 @aCN@b91MARC@c20200423
905    @aZUCC@dTN7@e49
    
    无源滤波器设计/(美)J.C. 达斯(J.C. Das)著/于海波[等]译.-北京:机械工业出版社,2020
    270页:图;26cm
    
    
    ISBN 978-7-111-63719-6:CNY99.00
    本书从电容器组入手,介绍电力系统及各组件建模、谐波在电力系统中渗透的影响、无源滤波器的设计和典型应用,还介绍太阳能和风力发电等新能源应用与各种谐波的关系。
●
相关链接 在五车中查询图书 在当当中查询图书 在豆瓣中查询图书


正题名:无源滤波器设计     索取号:TN7/49         预约/预借

序号 登录号 条形码 馆藏地/架位号 状态 备注
1 2000912488   2000912488   第三书库/ [索取号:TN7/49] 在馆    
2 2000912489   2000912489   第三书库/ [索取号:TN7/49] 在馆    
3 2000912490   2000912490   第三书库/ [索取号:TN7/49] 在馆    
山东省滨州职业学院图书馆 欢迎您!
大连网信软件有限公司© 版权所有